000 00247nam a2200097Ia 4500
008 230915s9999 xx 000 0 und d
050 _aBL 1228 .P73 1975
100 _a A. C. BHAKTIVEDANTA
245 4 _aTHE SCIENCE OF SELF REALIZATION
942 _cBK
999 _c66993
_d66993